[Event "Knighthood Blitz"]
[Site "Vishy Anand Arena"]
[Date "2020.08.01"]
[Round "1"]
[White "ItsTime"]
[Black "Superind2002"]
[Result "0-1"]
[WhiteElo "2180"]
[BlackElo "2188"]
[Annotator "NA"]
[PlyCount "72"]
[EventDate "2020.08.01"]
[EventType "swiss (blitz)"]

1. Nf3 Nf6 2. c4 e6 3. g3 b6 4. Bg2 Bb7 5. O-O Be7 6. b3 O-O 7. Bb2 d5 8. e3 dxc4 9. bxc4 c5 10. Qe2 Nc6 11. Nc3 Rc8 12. Ne1 Qc7 13. f4 Rfd8 14. g4 Na5 15. g5 Ne8 16. Rd1 Bxg2 17. Nxg2 Qb7 18. Rf3 Nxc4 19. Bc1 Ncd6 20. Rh3 g6 21. d3 Nf5 22. Bb2 Bf8 23. Ne4 Bg7 24. Bxg7 Nfxg7 25. Qf3 Qd5 26. Qg4 Nf5 27. Nh4 c4 28. Nf6+ Nxf6 29. gxf6 Nxh4 30. Qxh4 h5 31. Rg3 cxd3 32. Qh3 Qf5 33. Qf1 d2 34. Rg5 Qxf6 35. Qe2 Rc1 36. Rg2 Qa1 0-1

[Event "Knighthood Blitz"]
[Site "Vishy Anand Arena"]
[Date "2020.08.01"]
[Round "1"]
[White "Shahildey"]
[Black "Suvrajit Saha"]
[Result "0-1"]
[WhiteElo "2164"]
[BlackElo "1950"]
[PlyCount "90"]
[EventDate "2020.08.01"]
[EventType "swiss (blitz)"]

1. e4 e6 2. d4 d5 3. Nd2 Nf6 4. e5 Nfd7 5. f4 c5 6. c3 Nc6 7. Ndf3 cxd4 8. cxd4 a5 9. Bd3 a4 10. Ne2 Be7 11. O-O Nb6 12. Be3 Bd7 13. Rc1 Nb4 14. Bb1 Nc4 15. Bd2 Nxb2 16. Qe1 N2d3 17. Qg3 Nxc1 18. Rxc1 g6 19. Qf2 Rc8 20. Rf1 Bb5 21. g4 Qd7 22. f5 gxf5 23. gxf5 Nd3 24. Qe3 Nb2 25. Qh6 Nc4 26. Bf4 Na3 27. Qg7 Rf8 28. fxe6 Qxe6 29. Ng5 Bxg5 30. Bxg5 Nxb1 31. Rxb1 Bxe2 32. Rxb7 Qg4+ 33. Kf2 Qf3+ 34. Ke1 Qf1+ 35. Kd2 Qd1+ 36. Ke3 Qd3+ 37. Kf2 Qf3+ 38. Ke1 Qf1+ 39. Kd2 Qc1+ 40. Kxe2 Rc2+ 41. Kf3 Qf1+ 42. Kg4 Rg2+ 43. Kh5 Qf3+ 44. Kh6 Qh3+ 45. Bh4 Qxh4# 0-1

[Event "Knighthood Blitz"]
[Site "Vishy Anand Arena"]
[Date "2020.08.01"]
[Round "1"]
[White "VugarAsadli"]
[Black "Priyanka Nutakki"]
[Result "1-0"]
[WhiteElo "2155"]
[BlackElo "2210"]
[PlyCount "89"]
[EventDate "2020.08.01"]
[EventType "swiss (blitz)"]

1. e4 e6 2. d4 d5 3. exd5 exd5 4. Nf3 Nf6 5. c4 c6 6. Nc3 Bg4 7. Bd3 Nbd7 8. O-O Be7 9. h3 Bh5 10. Re1 O-O 11. c5 Re8 12. Bf4 Nf8 13. g4 Bg6 14. Bxg6 Nxg6 15. Bg3 Qc8 16. Kg2 Bd8 17. Rxe8+ Nxe8 18. Qe2 Bc7 19. Re1 Nf6 20. Ne5 a5 21. f3 a4 22. h4 a3 23. b4 Nf8 24. f4 Ne6 25. g5 Ne8 26. Qf2 f6 27. Nd3 fxg5 28. hxg5 g6 29. f5 gxf5 30. Bxc7 N8xc7 31. Nf4 Nxg5 32. Qg3 Qd8 33. Re5 Qf6 34. Nd1 Kh8 35. Ne3 Ne4 36. Qh2 Rg8+ 37. Kf1 Qg5 38. Nxf5 Ng3+ 39. Qxg3 Qxg3 40. Nxg3 Rxg3 41. Re7 Rg8 42. Rxc7 Rf8 43. Ke2 Rxf4 44. Ke3 Rf7 45. Rxf7 1-0

[Event "Knighthood Blitz"]
[Site "Vishy Anand Arena"]
[Date "2020.08.01"]
[Round "1"]
[White "slienteyes"]
[Black "GM Abadi"]
[Result "0-1"]
[WhiteElo "2151"]
[BlackElo "2393"]
[Annotator "TA"]
[PlyCount "90"]
[EventDate "2020.08.01"]
[EventType "swiss (blitz)"]

1. e4 e6 2. d4 d5 3. Nd2 Nf6 4. e5 Nfd7 5. Bd3 b6 6. Qe2 c5 7. c3 cxd4 8. cxd4 Nc6 9. Ndf3 Nb4 10. Bb5 a6 11. Ba4 b5 12. Bb3 Nc6 13. Nh3 h6 14. Nf4 Nb6 15. h4 Bd7 16. Bd2 a5 17. a3 b4 18. a4 Rc8 19. Nd3 Nc4 20. Bxc4 dxc4 21. Nc5 Bxc5 22. dxc5 c3 23. bxc3 b3 24. Rb1 Rb8 25. Qc4 b2 26. O-O Qc7 27. Qg4 g6 28. h5 g5 29. Qe4 Ne7 30. Be3 Bc6 31. Qc2 Bxf3 32. gxf3 Qb7 33. Rfd1 Qxf3 34. Qd3 O-O 35. c4 Nf5 36. Rd2 Nh4 37. Qf1 Qg4+ 38. Kh1 Qe4+ 39. Kh2 Nf3+ 40. Kg3 Nxd2 41. Bxd2 Qh4+ 42. Kg2 Rb3 43. f3 g4 44. fxg4 Qxg4+ 45. Kf2 Rf3+ 0-1

[Event "Knighthood Blitz"]
[Site "Vishy Anand Arena"]
[Date "2020.08.01"]
[Round "1"]
[White "Skkeyan"]
[Black "Fire_on_board"]
[Result "1-0"]
[WhiteElo "2144"]
[BlackElo "1620"]
[PlyCount "89"]
[EventDate "2020.08.01"]
[EventType "swiss (blitz)"]

1. e4 c5 2. Nf3 e6 3. d4 cxd4 4. Nxd4 Nf6 5. Nc3 Nc6 6. Ndb5 Bc5 7. Nd6+ Ke7 8. Nxc8+ Rxc8 9. Be2 h5 10. O-O Qc7 11. Kh1 Ng4 12. f4 Nf2+ 13. Rxf2 Bxf2 14. e5 Bd4 15. Nb5 Qb6 16. c3 Bc5 17. b4 Be3 18. Nd6 Bxc1 19. Nxc8+ Rxc8 20. Qd6+ Ke8 21. Rxc1 Qe3 22. Rd1 Rd8 23. Qd2 Qxd2 24. Rxd2 g6 25. h4 Ne7 26. g3 Rc8 27. Rd3 Nd5 28. Bf3 Nxc3 29. Bxb7 Rc7 30. a3 Ne2 31. Be4 Rc1+ 32. Kg2 Nc3 33. Bf3 Rc2+ 34. Kh3 Kd8 35. Rd6 Rf2 36. Bg2 Kc7 37. Ra6 Ne2 38. Rxa7+ Kc8 39. Kh2 Nd4 40. Kg1 Ra2 41. a4 Ne2+ 42. Kh2 Nc3 43. b5 Nd1 44. b6 Ne3 45. Ra8# 1-0

[Event "Knighthood Blitz"]
[Site "Vishy Anand Arena"]
[Date "2020.08.01"]
[Round "1"]
[White "Bestluck"]
[Black "ASB"]
[Result "0-1"]
[WhiteElo "2136"]
[BlackElo "1979"]
[PlyCount "166"]
[EventDate "2020.08.01"]
[EventType "swiss (blitz)"]

1. d4 d5 2. c4 e6 3. Nc3 c6 4. e3 f5 5. Nf3 Nf6 6. Be2 Bd6 7. O-O O-O 8. Ne5 Nbd7 9. f4 Ne4 10. Nxe4 fxe4 11. Bg4 Nxe5 12. fxe5 Rxf1+ 13. Qxf1 Be7 14. Bd2 Bd7 15. g3 Qb6 16. b3 c5 17. Bc3 cxd4 18. Bxd4 Bc5 19. Qd1 Bxd4 20. Qxd4 Qxd4 21. exd4 Rd8 22. Kf2 g6 23. Ke3 Kf7 24. Rc1 Rc8 25. Rf1+ Ke7 26. c5 Rf8 27. Rc1 h5 28. Be2 a6 29. h4 Rc8 30. Rf1 Rf8 31. Rxf8 Kxf8 32. a4 Ke7 33. Kf4 Kf7 34. Kg5 Kg7 35. Kf4 Kh6 36. Bd1 Kg7 37. b4 Kh6 38. Ke3 g5 39. Kd2 g4 40. Kc3 Kg6 41. Kb3 Kf7 42. Be2 Ke7 43. b5 a5 44. Kc3 Kf7 45. Kd2 Kg6 46. Ke3 Kf5 47. Bd1 Be8 48. Bc2 Bd7 49. Bb3 Be8 50. c6 b6 51. Bd1 Kg6 52. Kf4 Kh6 53. Bc2 Kg6 54. Bxe4+ dxe4 55. Kxe4 Kf7 56. d5 exd5+ 57. Kxd5 Ke7 58. e6 Kd8 59. Kd6 Kc8 60. Ke7 Bg6 61. Kf8 Kc7 62. e7 Kd6 63. e8=Q Bxe8 64. Kxe8 Kc7 65. Ke7 Kc8 66. Kd6 Kd8 67. Ke6 Kc7 68. Kf6 Kd6 69. Kg5 Kc5 70. Kxh5 Kb4 71. c7 Kxa4 72. c8=Q Kb3 73. Qxg4 a4 74. Qf3+ Kb4 75. Qe4+ Kxb5 76. Qd3+ Kb4 77. Qd4+ Kb3 78. Qa1 a3 79. g4 a2 80. g5 b5 81. g6 b4 82. g7 Ka3 83. g8=Q b3 0-1

[Event "Knighthood Blitz"]
[Site "Vishy Anand Arena"]
[Date "2020.08.01"]
[Round "1"]
[White "Unforgettable"]
[Black "Rahulraj"]
[Result "1-0"]
[WhiteElo "2116"]
[BlackElo "1620"]
[PlyCount "57"]
[EventDate "2020.08.01"]
[EventType "swiss (blitz)"]

1. e4 c6 2. Nc3 d5 3. Nf3 Bg4 4. h3 Bxf3 5. Qxf3 d4 6. Ne2 c5 7. Nf4 Nc6 8. Bc4 Nf6 9. O-O g6 10. e5 Nxe5 11. Bb5+ Nfd7 12. Qxb7 Bg7 13. Qe4 O-O 14. d3 a6 15. Ba4 Rb8 16. Bb3 Qc7 17. Nd5 Qd6 18. Bg5 Nf6 19. Nxf6+ exf6 20. Bf4 Rfe8 21. Rfe1 f5 22. Qd5 Qxd5 23. Bxd5 Rxb2 24. Bb3 c4 25. dxc4 Rxb3 26. axb3 f6 27. Rxa6 Nf3+ 28. gxf3 Rxe1+ 29. Kg2 1-0

[Event "Knighthood Blitz"]
[Site "Vishy Anand Arena"]
[Date "2020.08.01"]
[Round "1"]
[White "Gamechanger"]
[Black "Beradia"]
[Result "1-0"]
[WhiteElo "2115"]
[BlackElo "1610"]
[Annotator "TA"]
[PlyCount "55"]
[EventDate "2020.08.01"]
[EventType "swiss (blitz)"]

1. d4 Nf6 2. Bg5 d5 3. e3 Bf5 4. Bd3 Bxd3 5. cxd3 Qd6 6. f4 h6 7. Bh4 a6 8. Nf3 e6 9. O-O Be7 10. Nbd2 Nc6 11. Ne5 Nd7 12. Bg3 f6 13. Qh5+ Kd8 14. Nf7+ Kc8 15. Nxd6+ Bxd6 16. f5 e5 17. dxe5 Ncxe5 18. d4 Nc6 19. Bxd6 cxd6 20. Qf7 Rf8 21. Qxd5 Kc7 22. Nc4 Rae8 23. Qxd6+ Kc8 24. Rac1 Rd8 25. Na5 Nb6 26. Rxc6+ bxc6 27. Qxc6+ Kb8 28. Qb7# 1-0

[Event "Knighthood Blitz"]
[Site "Vishy Anand Arena"]
[Date "2020.08.01"]
[Round "1"]
[White "Pavala"]
[Black "Gonda"]
[Result "1-0"]
[WhiteElo "2091"]
[BlackElo "1506"]
[Annotator "TA"]
[PlyCount "55"]
[EventDate "2020.08.01"]
[EventType "swiss (blitz)"]

1. e4 c5 2. b4 cxb4 3. a3 bxa3 4. Nxa3 d6 5. Nf3 a6 6. d4 Nd7 7. Bd3 e5 8. O-O Ngf6 9. Nc4 Be7 10. dxe5 dxe5 11. Ncxe5 Nxe5 12. Nxe5 O-O 13. Bb2 Be6 14. Qe2 h6 15. Nc4 Rc8 16. Rfd1 Qc7 17. Ne3 Nh7 18. Nd5 Bxd5 19. exd5 Bf6 20. Bxh7+ Kxh7 21. Bxf6 gxf6 22. Qe4+ Kh8 23. Qh4 Kg7 24. Ra3 Rh8 25. Rg3+ Kf8 26. Qxf6 Rh7 27. d6 Qxc2 28. Qe7# 1-0

[Event "Knighthood Blitz"]
[Site "Vishy Anand Arena"]
[Date "2020.08.01"]
[Round "1"]
[White "Ilamparthi"]
[Black "Twobrothers"]
[Result "1-0"]
[WhiteElo "2083"]
[BlackElo "1775"]
[Annotator "TA"]
[PlyCount "65"]
[EventDate "2020.08.01"]
[EventType "swiss (blitz)"]

1. Nf3 d5 2. g3 Nf6 3. Bg2 e6 4. O-O Be7 5. d3 O-O 6. Nbd2 c5 7. e4 Nc6 8. Re1 Re8 9. c3 dxe4 10. dxe4 b6 11. Qe2 Bb7 12. Nc4 b5 13. Na3 a6 14. Bf4 Qb6 15. Rad1 Rad8 16. Nc2 Nd7 17. Ne3 Nf6 18. Nd2 e5 19. Bg5 Nb8 20. Bxf6 Bxf6 21. Nd5 Bxd5 22. exd5 Nd7 23. Ne4 Be7 24. d6 Bf8 25. Bh3 c4 26. Bxd7 Rxd7 27. Nf6+ gxf6 28. Qg4+ Kh8 29. Qxd7 Rd8 30. Qxf7 Bxd6 31. Qxf6+ Kg8 32. Rxe5 Rf8 33. Rg5# 1-0

[Event "Knighthood Blitz"]
[Site "Vishy Anand Arena"]
[Date "2020.08.01"]
[Round "1"]
[White "chessylife"]
[Black "Rasulov Vugar"]
[Result "0-1"]
[WhiteElo "2029"]
[BlackElo "2486"]
[PlyCount "88"]
[EventDate "2020.08.01"]
[EventType "swiss (blitz)"]

1. e4 c5 2. Nf3 e6 3. d4 cxd4 4. Nxd4 Nc6 5. Nc3 Qc7 6. Be3 a6 7. Be2 b5 8. a3 Bb7 9. O-O Nf6 10. f4 Bc5 11. Kh1 Qb6 12. Nxc6 Bxe3 13. Ne5 Bd4 14. Bf3 d6 15. Ng4 Bxc3 16. bxc3 Nxe4 17. Qe1 f5 18. Bxe4 Bxe4 19. Nf2 d5 20. Nxe4 dxe4 21. Rd1 O-O 22. Qh4 Rad8 23. Qe7 Rfe8 24. Qb4 h6 25. h3 Qc6 26. Rd4 Rxd4 27. Qxd4 Rc8 28. Rd1 Qxc3 29. Qd7 Qc6 30. Qe7 Re8 31. Qa7 Qxc2 32. Qd7 Kh7 33. Kh2 Qc8 34. Qa7 Qb8 35. Qe3 e5 36. fxe5 Qxe5+ 37. g3 Rc8 38. Rd2 Rc3 39. Qg1 e3 40. Re2 Qe4 41. Qf1 Rc2 42. Kg1 Rxe2 43. Qxe2 a5 44. Qxb5 e2 0-1

[Event "Knighthood Blitz"]
[Site "Vishy Anand Arena"]
[Date "2020.08.01"]
[Round "1"]
[White "Savithashri"]
[Black "Junosource"]
[Result "0-1"]
[WhiteElo "2001"]
[BlackElo "2081"]
[Annotator "TA"]
[PlyCount "34"]
[EventDate "2020.08.01"]
[EventType "swiss (blitz)"]

1. e4 c5 2. Nf3 Nc6 3. d4 cxd4 4. Nxd4 g6 5. Nc3 Bg7 6. Be3 Nf6 7. f3 d5 8. Bb5 O-O 9. Nxc6 bxc6 10. Bxc6 Rb8 11. Bxd5 Nxd5 12. Nxd5 Bxb2 13. Rb1 e6 14. Bxa7 Qa5+ 15. c3 Qxa7 16. Nf6+ Kg7 17. Qc2 Qe3+ 0-1

[Event "Knighthood Blitz"]
[Site "Vishy Anand Arena"]
[Date "2020.08.01"]
[Round "1"]
[White "Staroftheyear"]
[Black "Alanp"]
[Result "0-1"]
[WhiteElo "1987"]
[BlackElo "2449"]
[Annotator "TA"]
[PlyCount "50"]
[EventDate "2020.08.01"]
[EventType "swiss (blitz)"]

1. Nf3 Nf6 2. g3 d5 3. Bg2 Bf5 4. d4 e6 5. O-O c6 6. c4 Nbd7 7. Nbd2 h6 8. b3 Be7 9. Bb2 O-O 10. Rc1 a5 11. Re1 Bh7 12. Ne5 a4 13. Ndf3 axb3 14. Qxb3 Qb6 15. Ra1 Ra6 16. Nxd7 Nxd7 17. c5 Qa7 18. a3 Ra8 19. Nd2 b6 20. cxb6 Rxb6 21. Qc3 Rab8 22. Bc1 c5 23. e4 cxd4 24. Qd3 Bf6 25. Nf3 dxe4 0-1

[Event "Knighthood Blitz"]
[Site "Vishy Anand Arena"]
[Date "2020.08.01"]
[Round "1"]
[White "Toosieslide"]
[Black "Ym27"]
[Result "1-0"]
[WhiteElo "1984"]
[BlackElo "1597"]
[Annotator "NA RC"]
[PlyCount "59"]
[EventDate "2020.08.01"]
[EventType "swiss (blitz)"]

1. d4 d5 2. c4 e6 3. Nc3 Nf6 4. cxd5 Nxd5 5. e4 Nxc3 6. bxc3 c5 7. Nf3 cxd4 8. cxd4 Be7 9. Bd3 Nc6 10. O-O Nxd4 11. Nxd4 Qxd4 12. Bb5+ Qd7 13. Bxd7+ Bxd7 14. Be3 Bc6 15. Qg4 O-O 16. e5 g6 17. Bg5 Bxg5 18. Qxg5 Kg7 19. Qf6+ Kg8 20. Rfd1 h5 21. Rd6 Kh7 22. Rad1 Rae8 23. Rd8 Rxd8 24. Rxd8 Rxd8 25. Qxd8 Kg7 26. Qd4 Kh6 27. Qxa7 Kg5 28. Qe3+ Kf5 29. g3 f6 30. Qf4# 1-0

[Event "Knighthood Blitz"]
[Site "Vishy Anand Arena"]
[Date "2020.08.01"]
[Round "1"]
[White "Suyash45"]
[Black "Sohamshirode28"]
[Result "1-0"]
[WhiteElo "1982"]
[BlackElo "1488"]
[Annotator "NA RC"]
[PlyCount "37"]
[EventDate "2020.08.01"]
[EventType "swiss (blitz)"]

1. e4 c5 2. Nf3 d6 3. d4 cxd4 4. Nxd4 Nf6 5. Nc3 a6 6. Bg5 e6 7. f4 Nbd7 8. Qf3 Qc7 9. O-O-O Be7 10. g4 h6 11. Bxf6 Nxf6 12. h4 b5 13. g5 hxg5 14. hxg5 Nd7 15. Rxh8+ Nf8 16. g6 f6 17. f5 e5 18. Nd5 Qd8 19. Nc6 1-0

[Event "Knighthood Blitz"]
[Site "Vishy Anand Arena"]
[Date "2020.08.01"]
[Round "1"]
[White "BIGIL"]
[Black "Mbachez90"]
[Result "0-1"]
[WhiteElo "1961"]
[BlackElo "2178"]
[Annotator "NA RC"]
[PlyCount "58"]
[EventDate "2020.08.01"]
[EventType "swiss (blitz)"]

1. e4 c6 2. d4 d5 3. Nc3 dxe4 4. Nxe4 Nf6 5. Nxf6+ exf6 6. Nf3 Bd6 7. Bd3 O-O 8. O-O Re8 9. h3 Nd7 10. c4 Nf8 11. Be3 Be6 12. Rc1 Ng6 13. Qd2 Qd7 14. Bxg6 hxg6 15. Bf4 Bf8 16. Kh2 Rad8 17. b3 g5 18. Bg3 g4 19. hxg4 Bxg4 20. Rfd1 Ba3 21. Ra1 Re4 22. Qd3 Bxf3 23. Qxf3 Rxd4 24. Rxd4 Qxd4 25. Re1 Bb4 26. Re2 g6 27. Bf4 Kg7 28. g3 Rh8+ 29. Kg2 Qd1 0-1

[Event "Knighthood Blitz"]
[Site "Vishy Anand Arena"]
[Date "2020.08.01"]
[Round "1"]
[White "michaelraj_98"]
[Black "Mandy64theking"]
[Result "1-0"]
[WhiteElo "1958"]
[BlackElo "1698"]
[Annotator "NA"]
[PlyCount "99"]
[EventDate "2020.08.01"]
[EventType "swiss (blitz)"]

1. e4 c5 2. c3 Nc6 3. d4 cxd4 4. cxd4 d6 5. Nc3 Nf6 6. Nf3 g6 7. h3 Bg7 8. Bd3 O-O 9. O-O Bd7 10. Re1 Rc8 11. Qe2 a6 12. e5 dxe5 13. dxe5 Ne8 14. Bf4 Nc7 15. Rad1 Ne6 16. Bc1 Qc7 17. Nd5 Qd8 18. Bb1 Na5 19. Ng5 Bb5 20. Qg4 Kh8 21. Nxe6 fxe6 22. Qxe6 Rc6 23. Qxe7 Rxc1 24. Qxd8 Rxd8 25. Rxc1 Rxd5 26. Rc8+ Bf8 27. Rxf8+ Kg7 28. Rc8 Nc6 29. e6 Ne7 30. Rc7 Kf6 31. Rxb7 Bc6 32. Rb6 Rg5 33. Be4 Bxe4 34. Rxe4 Rd5 35. Rxa6 Rd1+ 36. Kh2 Rd5 37. Rf4+ Rf5 38. Rxf5+ gxf5 39. a4 Ke5 40. a5 Kf6 41. Rb6 Nd5 42. Rd6 Ne7 43. a6 Nc8 44. Rd8 Nb6 45. Rd6 Nc8 46. Rc6 Ne7 47. Rc7 Nc6 48. Rxc6 Ke5 49. a7 Kf4 50. a8=Q 1-0

[Event "Knighthood Blitz"]
[Site "Vishy Anand Arena"]
[Date "2020.08.01"]
[Round "1"]
[White "Thrish"]
[Black "Girinathpds76"]
[Result "0-1"]
[WhiteElo "1929"]
[BlackElo "2066"]
[Annotator "NA RC"]
[PlyCount "42"]
[EventDate "2020.08.01"]
[EventType "swiss (blitz)"]

1. e4 e6 2. d4 d5 3. Nc3 Bb4 4. exd5 exd5 5. Bd3 Ne7 6. Nge2 O-O 7. O-O Bf5 8. Bf4 Nbc6 9. a3 Bxc3 10. bxc3 Qd7 11. Ng3 Bxd3 12. Qxd3 Ng6 13. Be3 Na5 14. f4 f5 15. Kh1 Nc4 16. Ne2 Rae8 17. Bc1 Re4 18. Ng3 Re7 19. Bd2 Nh4 20. Rae1 Rfe8 21. Bc1 Rxe1 0-1

[Event "Knighthood Blitz"]
[Site "Vishy Anand Arena"]
[Date "2020.08.01"]
[Round "1"]
[White "Gaurav306"]
[Black "Openyagami"]
[Result "0-1"]
[WhiteElo "1915"]
[BlackElo "1620"]
[Annotator "NA"]
[PlyCount "66"]
[EventDate "2020.08.01"]
[EventType "swiss (blitz)"]

1. e4 c5 2. Nf3 Nc6 3. Bb5 d6 4. Bxc6+ bxc6 5. O-O e5 6. c3 f5 7. exf5 Bxf5 8. d4 e4 9. Re1 Be7 10. Ng5 d5 11. f4 Nf6 12. dxc5 Bxc5+ 13. Be3 Bxe3+ 14. Rxe3 Qb6 15. Qd4 Qxb2 16. Qe5+ Kf8 17. Qxf5 Qxa1 18. Ne6+ Ke7 19. Re1 g6 20. Qe5 Nd7 21. Qg7+ Kxe6 22. f5+ gxf5 23. Qh6+ Nf6 24. Rf1 Rhg8 25. Qh3 Rg4 26. Nd2 Qxa2 27. Qe3 Rag8 28. g3 f4 29. Qd4 Qb2 30. Rb1 c5 31. Qf2 fxg3 32. hxg3 Rxg3+ 33. Kh2 Ng4+ 0-1

[Event "Knighthood Blitz"]
[Site "Vishy Anand Arena"]
[Date "2020.08.01"]
[Round "1"]
[White "Vishveshk"]
[Black "Quality_959"]
[Result "1-0"]
[WhiteElo "1873"]
[BlackElo "1478"]
[Annotator "NA"]
[PlyCount "115"]
[EventDate "2020.08.01"]
[EventType "swiss (blitz)"]

1. e4 c6 2. d4 d5 3. exd5 cxd5 4. c4 Nf6 5. Nc3 Bf5 6. Nf3 e6 7. Be2 Nc6 8. O-O Bd6 9. Bg5 O-O 10. Rc1 Be7 11. Re1 dxc4 12. Bxc4 Rc8 13. Bb3 h6 14. Bh4 Bg4 15. d5 Nxd5 16. Bxe7 Ndxe7 17. h3 Qxd1 18. Bxd1 Bxf3 19. Bxf3 Rfd8 20. a3 Rd2 21. b4 Rd3 22. Be4 Rd2 23. Rcd1 Rxd1 24. Rxd1 Nxb4 25. axb4 Rxc3 26. Bxb7 g5 27. Rd7 Nf5 28. b5 Rc1+ 29. Kh2 Rc2 30. Ba6 Rxf2 31. Rxa7 Rb2 32. Rb7 Kg7 33. b6 Nd6 34. Rb8 Rb4 35. b7 Nxb7 36. Rxb7 Rxb7 37. Bxb7 f5 38. Kg3 Kf6 39. Kf2 f4 40. Kf3 e5 41. Be4 h5 42. Bd3 Ke6 43. Bg6 h4 44. Be4 Kf6 45. Kg4 Ke6 46. Kxg5 Kd6 47. Kxh4 Kc5 48. Kg5 Kd4 49. Kf5 Ke3 50. h4 f3 51. gxf3 Kd4 52. h5 Ke3 53. Kxe5 Kf2 54. h6 Ke1 55. h7 Kd2 56. h8=Q Kd1 57. Qh2 Kc1 58. Qd2+ 1-0

[Event "Knighthood Blitz"]
[Site "Vishy Anand Arena"]
[Date "2020.08.01"]
[Round "1"]
[White "Rishila"]
[Black "Ggupta211"]
[Result "1-0"]
[WhiteElo "1868"]
[BlackElo "1214"]
[Annotator "NA"]
[PlyCount "73"]
[EventDate "2020.08.01"]
[EventType "swiss (blitz)"]

1. e4 c5 2. Nf3 d6 3. Bb5+ Bd7 4. Bxd7+ Qxd7 5. c4 e6 6. Nc3 a6 7. O-O Be7 8. b3 Nf6 9. Bb2 Nc6 10. Re1 O-O 11. d4 cxd4 12. Nxd4 Rac8 13. Kh1 e5 14. Nc2 g6 15. Nd5 Nxd5 16. Qxd5 Qe6 17. Rad1 Rfd8 18. Ne3 Bf8 19. a3 Bg7 20. Qd2 Ne7 21. Nd5 Nxd5 22. exd5 Qe7 23. Qe3 f5 24. f4 exf4 25. Qf2 Qg5 26. Bxg7 Kxg7 27. Re6 Rc7 28. Rde1 Rcd7 29. Qb6 f3 30. Qd4+ Kh6 31. gxf3 Qh5 32. Qf4+ Qg5 33. Qg3 Qd2 34. Qh4+ Kg7 35. Re7+ Kg8 36. Qxh7+ Kf8 37. Qf7# 1-0

[Event "Knighthood Blitz"]
[Site "Vishy Anand Arena"]
[Date "2020.08.01"]
[Round "1"]
[White "Anandfan"]
[Black "Shikhar karn"]
[Result "1-0"]
[WhiteElo "1849"]
[BlackElo "1447"]
[Annotator "NA"]
[PlyCount "31"]
[EventDate "2020.08.01"]
[EventType "swiss (blitz)"]

1. d4 d5 2. Nc3 Nf6 3. Bg5 e6 4. e4 dxe4 5. Nxe4 Be7 6. Bxf6 Bxf6 7. Nf3 Nc6 8. c3 a6 9. Qd2 h6 10. O-O-O O-O 11. Bd3 e5 12. d5 Ne7 13. Nxf6+ gxf6 14. c4 Ng6 15. Qxh6 f5 16. Ng5 1-0

[Event "Knighthood Blitz"]
[Site "Vishy Anand Arena"]
[Date "2020.08.01"]
[Round "1"]
[White "Thor_attack"]
[Black "Ruben1070"]
[Result "1-0"]
[WhiteElo "1845"]
[BlackElo "1300"]
[Annotator "NA"]
[PlyCount "63"]
[EventDate "2020.08.01"]
[EventType "swiss (blitz)"]

1. e4 c5 2. Nc3 Nc6 3. g3 d6 4. Bg2 Nf6 5. d3 g6 6. Be3 Bg7 7. h3 O-O 8. Qd2 Re8 9. Nge2 a5 10. O-O Bd7 11. Bh6 Bh8 12. f4 Qc8 13. Kh2 b6 14. f5 Ne5 15. fxg6 fxg6 16. Nf4 c4 17. d4 Nc6 18. e5 dxe5 19. dxe5 Nxe5 20. Rae1 Nc6 21. Nfd5 Rb8 22. Nxf6+ Bxf6 23. Qd5+ e6 24. Qf3 Qd8 25. Qxf6 Qxf6 26. Rxf6 Nb4 27. Re2 Nc6 28. Bxc6 Bxc6 29. Rexe6 b5 30. Rxc6 b4 31. Nd5 c3 32. b3 1-0

[Event "Knighthood Blitz"]
[Site "Vishy Anand Arena"]
[Date "2020.08.01"]
[Round "1"]
[White "Zokapenzioner"]
[Black "Fighter64"]
[Result "0-1"]
[WhiteElo "1800"]
[BlackElo "2312"]
[Annotator "NA"]
[PlyCount "150"]
[EventDate "2020.08.01"]
[EventType "swiss (blitz)"]

1. Nf3 d5 2. g3 Nf6 3. c4 e6 4. Bg2 Be7 5. O-O O-O 6. d4 dxc4 7. Qc2 a6 8. a4 Bd7 9. Qxc4 Bc6 10. Bg5 Bd5 11. Qd3 c5 12. Nc3 Nc6 13. Nxd5 Nxd5 14. Bxe7 Qxe7 15. dxc5 Qxc5 16. Rac1 Qe7 17. Nd4 Nxd4 18. Qxd4 Rfd8 19. Rfd1 g6 20. h4 h5 21. e3 Rd7 22. e4 Nf6 23. Qb6 Rad8 24. Rxd7 Rxd7 25. Bf3 Kg7 26. Kg2 Rd2 27. Rc7 Rxb2 28. Qxb2 Qxc7 29. e5 Nd7 30. Bxb7 a5 31. Qb5 Nxe5 32. Be4 Nd7 33. Bc6 Nf6 34. Bf3 Qc3 35. Qb6 Qd2 36. Qc7 Qb4 37. Qc6 Qd4 38. Qb5 Qd2 39. Qb6 Nd7 40. Qb7 Ne5 41. Be4 Ng4 42. Qa7 Qb4 43. Bc6 Ne5 44. Be8 Qe4+ 45. Kg1 Nf3+ 46. Kf1 Qe1+ 47. Kg2 Ne5 48. Qd4 Kf8 49. Bb5 Qg1+ 50. Kxg1 Nf3+ 51. Kf1 Nxd4 52. Bd7 Ke7 53. Bc8 Nb3 54. Ba6 Nc5 55. Bb5 f6 56. Ke2 f5 57. Ke3 e5 58. Ke2 Kf6 59. Kd2 g5 60. Bd3 Nxd3 61. Kxd3 gxh4 62. gxh4 Ke6 63. Kc4 e4 64. Kb5 f4 65. Kxa5 e3 66. fxe3 fxe3 67. Kb6 e2 68. a5 e1=Q 69. a6 Qxh4 70. a7 Qh1 71. Kc7 Qa8 72. Kb6 h4 73. Ka6 Kd6 74. Kb6 h3 75. Ka6 Kc6 0-1

[Event "Knighthood Blitz"]
[Site "Vishy Anand Arena"]
[Date "2020.08.01"]
[Round "1"]
[White "Samjrao"]
[Black "SubashRaj"]
[Result "1-0"]
[WhiteElo "1762"]
[BlackElo "1633"]
[Annotator "NA"]
[PlyCount "91"]
[EventDate "2020.08.01"]
[EventType "swiss (blitz)"]

1. d4 Nf6 2. Bf4 d6 3. e3 g6 4. Bd3 Bg7 5. Nf3 O-O 6. O-O Nbd7 7. h3 Qe8 8. Bh2 e5 9. dxe5 dxe5 10. e4 Nc5 11. Nc3 Nxd3 12. Qxd3 Bd7 13. Nxe5 Rd8 14. Nxd7 Rxd7 15. Qb5 c6 16. Qc4 Qe7 17. e5 Nd5 18. Rfe1 Re8 19. Rad1 Nb6 20. Qb3 Rxd1 21. Rxd1 Bxe5 22. Bxe5 Qxe5 23. a3 Kg7 24. g3 Qh5 25. Kg2 Nd5 26. Rd3 Nf6 27. Rf3 Re7 28. Qb4 c5 29. Qa4 b6 30. Qc4 Nd7 31. Nd5 Ne5 32. Qc3 Qxf3+ 33. Qxf3 Nxf3 34. Nxe7 Nd4 35. Nd5 Nxc2 36. f4 Nd4 37. Kf2 Kf8 38. Ke3 f5 39. g4 Nc2+ 40. Kd3 Nd4 41. gxf5 Nxf5 42. Ne3 Kf7 43. Ng4 Nh4 44. Ne5+ Kf6 45. Nc6 Nf5 46. Ne5 1-0

[Event "Knighthood Blitz"]
[Site "Vishy Anand Arena"]
[Date "2020.08.01"]
[Round "1"]
[White "Padmaesh M K"]
[Black "Shubham37908"]
[Result "1-0"]
[WhiteElo "1751"]
[BlackElo "1442"]
[Annotator "NA"]
[PlyCount "55"]
[EventDate "2020.08.01"]
[EventType "swiss (blitz)"]

1. d4 d5 2. Nf3 Nc6 3. Bf4 Bg4 4. e3 Nf6 5. Bb5 e6 6. Nbd2 a6 7. Bxc6+ bxc6 8. c3 Bd6 9. Qa4 Qd7 10. Bg3 O-O 11. O-O Ne4 12. Nxe4 dxe4 13. Nd2 f5 14. Bxd6 Qxd6 15. h3 Bh5 16. Nc4 Qd7 17. Ne5 Qc8 18. Qxc6 Be8 19. Qc4 Bb5 20. Qb3 Bxf1 21. Rxf1 Rb8 22. Qa3 Qb7 23. b3 Rfd8 24. Qe7 c6 25. Qxe6+ Kh8 26. Nf7+ Kg8 27. Nxd8+ Kh8 28. Qe8# 1-0

[Event "Knighthood Blitz"]
[Site "Vishy Anand Arena"]
[Date "2020.08.01"]
[Round "1"]
[White "Arvind0899"]
[Black "Arya321_dm"]
[Result "0-1"]
[WhiteElo "1733"]
[BlackElo "1340"]
[Annotator "NA RC"]
[PlyCount "28"]
[EventDate "2020.08.01"]
[EventType "swiss (blitz)"]

1. e4 c5 2. c3 d6 3. d4 Nf6 4. e5 dxe5 5. dxe5 Qxd1+ 6. Kxd1 Ng4 7. Be3 Nxe3+ 8. fxe3 g5 9. Nd2 Nc6 10. Ne4 Bf5 11. Nxc5 O-O-O+ 12. Kc1 e6 13. Nf3 Bxc5 14. Nxg5 Bxe3# 0-1

[Event "Knighthood Blitz"]
[Site "Vishy Anand Arena"]
[Date "2020.08.01"]
[Round "1"]
[White "Samay Raina"]
[Black "suresh agarwal"]
[Result "1-0"]
[WhiteElo "1700"]
[BlackElo "1620"]
[Annotator "NA"]
[PlyCount "61"]
[EventDate "2020.08.01"]
[EventType "swiss (blitz)"]

1. c4 e5 2. Nc3 Nc6 3. Nf3 Bc5 4. e3 a6 5. d4 exd4 6. exd4 Bb6 7. Be2 Nf6 8. Bg5 h6 9. Bh4 O-O 10. Nd5 g5 11. Nxg5 Nxd5 12. cxd5 hxg5 13. dxc6 gxh4 14. h3 dxc6 15. O-O Qxd4 16. Qc1 Qf6 17. Kh1 Re8 18. Bd3 Bf5 19. Qc2 Bxd3 20. Qxd3 Rad8 21. Qb3 Rd2 22. Rad1 Rxf2 23. Rxf2 Qxf2 24. Qb4 Qf6 25. Rd3 c5 26. Kh2 cxb4 27. Rf3 Qg6 28. a3 Bc5 29. axb4 Bd6+ 30. Rf4 Re1 31. g3 1-0